MARC details
| 000 -LEADER |
| fixed length control field |
03059nam a22004452u 4500 |
| 001 - CONTROL NUMBER |
| control field |
35680 |
| 003 - CONTROL NUMBER IDENTIFIER |
| rucl marc code |
BD-RjUL |
| 005 - DATE AND TIME OF LATEST TRANSACTION |
| control field |
20211209052349.0 |
| 008 - FIXED-LENGTH DATA ELEMENTS--GENERAL INFORMATION |
| fixed length control field |
140529s1987 xxu ||| bt ||| | eng d |
| 035 ## - SYSTEM CONTROL NUMBER |
| System control number |
(BD-RjUL)35775 |
| 040 ## - CATALOGING SOURCE |
| Original cataloging agency |
ericd |
| Language of cataloging |
eng |
| Transcribing agency |
ericd |
| Modifying agency |
BD-RjUL |
| -- |
MvI |
| 041 ## - LANGUAGE CODE |
| Language code of text/sound track or separate title |
eng |
| 082 ## - DEWEY DECIMAL CLASSIFICATION NUMBER |
| Classification number |
305.23 |
| Author mark and year |
GRS 1987 |
| 091 ## - MICROFILM SHELF LOCATION (AM) [OBSOLETE] |
| Microfilm shelf location |
mfm |
| 100 1# - MAIN ENTRY--PERSONAL NAME |
| Personal name |
Grant, James P. |
| 9 (RLIN) |
40267 |
| 245 14 - TITLE STATEMENT |
| Title |
The State of the World's Children, 1987 / |
| Statement of responsibility, etc. |
James P. Grant. |
| 260 ## - PUBLICATION, DISTRIBUTION, ETC. (IMPRINT) |
| Place of publication, distribution, etc. |
Washington, D.C. : |
| Name of publisher, distributor, etc. |
Oxford university press, |
| Date of publication, distribution, etc. |
c1987. |
| 300 ## - PHYSICAL DESCRIPTION |
| Pagination |
148 p. : |
| Illustrations |
illus. ; |
| Size |
30 cm. |
| 500 ## - GENERAL NOTE |
| General note |
ERIC Note: For other reports, see ED 253 302, ED 258 687, and ED 265 926. |
| 520 ## - SUMMARY, ETC. |
| Summary, etc. |
This report maintains that it is just as unacceptable to allow millions of children to die each year from needless infection and malnutrition as it is to let them die in sudden emergencies of drought and famine. The world now has the means to attack childhood malnutrition and disease on a massive scale and at an affordable cost. Four million children's lives have been saved in the last five years by nations which have mobilized to put low-cost solutions into effect. Discussed are (1) potential benefits to social development of today's new capacity for mass communication; (2) scientific information which would enable parents to protect the lives and growth of their children; (3) the current success and future potential of oral rehydration therapy; (4) the spread of low cost immunization in the 1980s throughout the developing world; (5) the benefits of social mobilization to achieve specific health goals; and (6) the use of growth checking as a means of information dissemination to parents. The report concludes that the strategy of social mobilization may allow almost every individual and organization in the world to become involved in the fight against poverty. Insert panels describe the experiences of various nations in bringing about drastic improvements in child survival and development. A statistical section provides figures for 130 major nations for child survival rates, nutrition, health, education, population, and economic progress, as well as selected data for less populous countries. (BN) |
| 650 17 - SUBJECT ADDED ENTRY--TOPICAL TERM |
| Topical term or geographic name as entry element |
Children. |
| Source of heading or term |
ericd |
| 9 (RLIN) |
108622 |
|
| Topical term or geographic name as entry element |
Community Action. |
| Source of heading or term |
ericd |
| 9 (RLIN) |
108623 |
|
| Topical term or geographic name as entry element |
Demography. |
| Source of heading or term |
ericd |
| 9 (RLIN) |
108624 |
|
| Topical term or geographic name as entry element |
Developing Nations. |
| Source of heading or term |
ericd |
| 9 (RLIN) |
40269 |
|
| Topical term or geographic name as entry element |
Disease Control. |
| Source of heading or term |
ericd |
| 9 (RLIN) |
108625 |
|
| Topical term or geographic name as entry element |
Economic Status. |
| Source of heading or term |
ericd |
| 9 (RLIN) |
108626 |
|
| Topical term or geographic name as entry element |
Foreign Countries. |
| Source of heading or term |
ericd |
| 9 (RLIN) |
108627 |
|
| Topical term or geographic name as entry element |
Health Programs. |
| Source of heading or term |
ericd |
| 9 (RLIN) |
40272 |
|
| Topical term or geographic name as entry element |
Immunization Programs. |
| Source of heading or term |
ericd |
| 9 (RLIN) |
40273 |
|
| Topical term or geographic name as entry element |
Infant Mortality. |
| Source of heading or term |
ericd |
| 9 (RLIN) |
40274 |
|
| Topical term or geographic name as entry element |
Mass Media. |
| Source of heading or term |
ericd |
| 9 (RLIN) |
108628 |
|
| Topical term or geographic name as entry element |
Nutrition. |
| Source of heading or term |
ericd |
| 9 (RLIN) |
108629 |
|
| Topical term or geographic name as entry element |
Parent Education. |
| Source of heading or term |
ericd |
| 9 (RLIN) |
108630 |
|
| Topical term or geographic name as entry element |
Poverty. |
| Source of heading or term |
ericd |
| 9 (RLIN) |
108631 |
|
| Topical term or geographic name as entry element |
Tables (Data) |
| Source of heading or term |
ericd |
| 9 (RLIN) |
40278 |
| 653 1# - INDEX TERM--UNCONTROLLED |
| Uncontrolled term |
Child Health |
| 710 2# - ADDED ENTRY--CORPORATE NAME |
| Corporate name or jurisdiction name as entry element |
United Nations Children's Fund, New York, NY. |
| 9 (RLIN) |
40280 |
| 942 ## - ADDED ENTRY ELEMENTS (KOHA) |
| Source of classification or shelving scheme |
Dewey Decimal Classification |
| Koha item type |
Books |